00305pab a2200109 454500008004000000100001800040245006500058260000900123300001300132650002000145773003000165180718b2002 xxu||||| |||| 00| 0 eng d aZamir, Jameel aQuality of care in health services: the clients' perspective c2002 ap.22-36. aHealth services aJournal of Family Welfare